000 00927nam a2200253 a 4500
001 70071
003 BD-RjUL
005 20211209081948.0
008 170415s1961 maua b 001 0 eng d
035 _a(BD-RjUL)70283
040 _aDLC
_cDLC
_dm.c.
_dRCD
_dBD-RjUL
_beng
041 _aeng
082 _223
_a510
_bWHB 1961
100 1 _aWhitesitt, J. Eldon
_q(John Eldon),
_d1922-
_9207520
245 1 0 _aBoolean algebra and its applications /
_cJ. Eldon Whitesitt
260 _aReading, Mass. :
_bAddison-Wesley Pub. Co.,
_c1961
300 _a182 p. :
_billus. ;
_c24 cm.
490 1 _aAddison-Wesley series in the engineering sciences. Electrical and control systems
504 _aIncludes bibliographical references and index
650 0 _aAlgebra, Boolean.
_9207521
650 0 _aMathematics
_9207522
830 0 _aAddison-Wesley series in the engineering sciences. Electrical and control systems
_9207524
942 _2ddc
_cBK
999 _c70071
_d70071